000 00939nam a2200229Ia 4500
001 15218
003 GE_BSU
008 181216s||||||||xx |||||||||||||| ||und||
040 _cGE_BSU
080 _a821.353.1+821.353.1-32+821.353.1-92
100 _aშატბერაშვილი,გიორგი
245 _aთხზულებანი ოთხ ტომად. ტ.4. წერილები. თვალადური ქართულის ჭაშნიკი
245 _cრედ.შ.მირცხულავა. მხატვ. დ. დუნდუა
260 _aთბილისი
260 _bსაბჭოთა საქართველო
260 _c1975
300 _a440გვ.20სმ.
653 _aთვალადური ქართულის ჭაშნიკი
653 _aთხზულებანი
653 _aწერილები
942 _cBK
999 _c48330
_d48330